[Event "DSOL 08 Liga Gr-B 1st"]
[Site "Playchess.com INT"]
[Date "2020.07.10"]
[Round "3.4"]
[White "Koller, Jan"]
[Black "Kaul, Juergen"]
[Result "0-1"]
[WhiteElo "1000"]
[BlackElo "921"]
[PlyCount "56"]
[EventDate "2020.06.22"]
[EventType "team-tourn (rapid)"]
[EventCountry "GER"]
[SourceTitle "EXT 2021"]
[Source "ChessBase"]
[SourceDate "2020.10.23"]
[SourceVersion "1"]
[SourceVersionDate "2020.10.23"]
[SourceQuality "1"]
[WhiteTeam "Niederkassel III"]
[BlackTeam "Gross Gerau II"]
[WhiteTeamCountry "GER"]
[BlackTeamCountry "GER"]

1. e4 e6 2. d4 d5 3. f3 c5 4. dxc5 Bxc5 5. Ne2 Ne7 6. Bg5 0-0 7. Nbc3 Qa5 8. Bxe7 Bxe7 9. exd5 exd5 10. Nd4 Nc6 11. Nxc6 bxc6 12. Bd3 d4 13. b4 Qe5+ 14. Kf2 dxc3 15. Re1 Bh4+ 16. g3 Qd4+ 17. Re3 Re8 18. Qe1 Bg5 19. f4 Be7 20. Qe2 g6 21. Qf3 Bd7 22. Ke2 Bxb4 23. Rb1 Ba3 24. Rxe8+ Rxe8+ 25. Kd1 Qg1+ 26. Bf1 Bh3 27. Qg2 Bxg2 28. Rb3 Qxf1# 0-1

[Event "Eschborn op"]
[Site "Eschborn"]
[Date "2019.08.18"]
[Round "4.49"]
[White "Kaul, Juergen"]
[Black "Pessotschinski, Eduard"]
[Result "1-0"]
[WhiteElo "913"]
[BlackElo "1255"]
[PlyCount "51"]
[EventDate "2019.08.16"]
[EventType "swiss"]
[EventRounds "5"]
[EventCountry "GER"]
[SourceTitle "EXT 2024"]
[Source "ChessBase"]
[SourceDate "2023.10.10"]
[SourceVersion "1"]
[SourceVersionDate "2023.10.10"]
[SourceQuality "1"]

1. d4 Nf6 2. Nf3 g6 3. Bg5 Bg7 4. Nbd2 e6 5. e3 0-0 6. Bd3 d5 7. Ne5 Nbd7 8. c3 c5 9. h4 h6 10. Bxf6 Qxf6 11. Ndf3 c4 12. Bc2 Nxe5 13. Nxe5 Qd8 14. f4 Bxe5 15. fxe5 Kg7 16. h5 Qg5 17. Qe2 Qg3+ 18. Kd2 Qg5 19. Raf1 f5 20. Rf4 Bd7 21. hxg6 Be8 22. Rh5 Qe7 23. Rfh4 Rh8 24. g4 Bxg6 25. gxf5 Bxh5 26. f6+ 1-0